00453 a2200157 4500010001400000020002600014035001300040037001600053082001100069100002100080245005300101250001100154260005000165300003000215500005000245 aENG-88694 a9780070667570c275.00 aEN-72227 bDBAD / PUB14a005.131 aBalagurusamy, E.1 aProgramming in C:ba primer/cby E. Balagurusamy a2nd ed aNew DelhibTata McGraw-Hill Publishingc2008 axvi, 524p.:c24 cm (pbk) aIncludes bibliographical references and index